000 00324 a2200121 4500
082 _a297.12
090 _c4640
_d4640
245 _aRiyadh-us-Saleheen (Vol II)
_c Allama Abdul Rasool Arshad
260 _aLahore:
_bZia-ul-Quran Publicatins,
_c1997.
300 _a436 p. ;
_c 25 cm
650 _a Hadith.
942 _cBK
_k297.12 ARS
999 _c8526
_d8526